00886 2200325 4500001002100000005001500021035002000036007000300056040001600059100003400075245006500109250001300174300003200187020002200219041000800241082000800249084001400257090002000271260003500291650000800326650002200334850001000356008004100366264003500407336002100442337003000463338002300493990002200516990002200538INLIS00000000000435420260527124256 a0010-1121000121ta aSPBUPDbind0 aSritanti Indriani,ePengarang1 aIlmu Pengetahuan Sosial :bKelas IV SD /cSritanti Indriani, a--Cet--1 a151 hlm. :bIlus ;c27,5 cm a978-602-299-134-20 aind a300 a300 SRI i b641.3 AHI a 4-53 aKlaten :bCempaka Putih,c2016 4aIPS 4aPelajaran Sekolah aPUPAD260527 0  a--Jakarta :bYudhistira,c2015 2rdacontentaTeks 2rdamediaaTanpa Perantara 2rdacarrieravolume a34.987/S/DPK/2021 a34.987/S/DPK/2021